Statistics for Which countries in Asia have the most dangerous roads?

Click here to take the quiz!

General Stats

  • This quiz has been taken 28 times
  • The average score is 11 of 13

Answer Stats

Death Rate (per 100,000)Country% Correct
21.5Iran
92%
27.3Iraq
92%
20.0Armenia
88%
35.9Saudi Arabia
88%
29.4Yemen
88%
22.5Malaysia
85%
21.0Mongolia
85%
32.2Thailand
85%
30.6Vietnam
85%
19.6Cambodia
81%
20.4Myanmar
81%
19.7Sri Lanka
77%
24.2North Korea
65%

Score Distribution

Percentile by Number Answered

Percent of People with Each Score

Your Score History

You have not taken this quiz